| 000 | 02001cam a22005294i 4500 | ||
|---|---|---|---|
| 003 | PE-LiUPU | ||
| 005 | 20250731173042.0 | ||
| 008 | 110307s2011 nyuab r 001 0 eng | ||
| 010 | _a2011008866 | ||
| 020 | _a0809147289 | ||
| 020 | _a9780809147281 | ||
| 035 | _a(Sirsi) i9780809147281 | ||
| 035 | _a(OCoLC)707023029 | ||
| 040 |
_aDLC _beng _cDLC _dYDXCP _dBTCTA _dBWX _dCDX _dOCLCF _dOCLCQ _dMOR _dPE-LiUPU _erda |
||
| 049 | _aPRUA | ||
| 050 | 0 | 0 |
_aBS1205.52 _b.B73 2011 |
| 082 | 0 | 0 |
_a222.1061 _bB81 _222 |
| 100 | 1 |
_aBranick, Vincent P., _eautor. |
|
| 245 | 1 | 0 |
_aUnderstanding the historical books of the Old Testament / _cVincent P. Branick. |
| 264 | 1 |
_aNew York : _bPaulist Press, _c2011. |
|
| 300 |
_axii, 275 páginas : _bilustraciones ; _c23 centímetros |
||
| 336 |
_atext _2rdacontent |
||
| 337 |
_aunmediated _2rdamedia |
||
| 338 |
_avolume _2rdacarrier |
||
| 504 | _aIndice : páginas 269-275. | ||
| 505 | 0 | _aThe Deuteronomist history -- The Chroniclers' history -- The history of the Maccabees -- Historical-sounding Midrash -- Conclusion : reflections on Old Testament theology. | |
| 526 | _aSEG42 | ||
| 526 | _aSEG41 | ||
| 526 | _aSEG40 | ||
| 526 | _aSEG39 | ||
| 526 | _aP94 | ||
| 526 | _aP87 | ||
| 526 | _aP86 | ||
| 526 | _aP85 | ||
| 526 | _aP77 | ||
| 526 | _aP76 | ||
| 526 | _aP35 | ||
| 650 | 7 |
_aBiblia. _pLibros históricos _xCrítica, interpretación, etc. |
|
| 650 | 7 |
_aBible. _pHistorical Books _xCriticism, interpretation, etc. |
|
| 910 |
_adbm _bncf _cncf _d20171226 |
||
| 942 |
_2ddc _cBOOK |
||
| 949 |
_a222.1061 B81 _wDEWEY _c1 _i77758 _lCATALOGING _mBUL _p19.80 _r0 _sY _tBOOK _u2017-12-26 _xPOSGRADO _PP85 _0COMPRA _o.STAFF. Colección Teología. |
||
| 994 |
_aC0 _bPEPRU |
||
| 596 | _a1 | ||
| 999 |
_a222.1061 B81 _wDEWEY _c26345 _i77758 _f2021-11-9 _g4 _lCCODEBUL1 _mBUL _p19.80 _r0 _sY _tBOOK _u2017-12-26 _xTEOLOGIA _PP85 _0COMPRA _o.STAFF. Colección Teología. _d26345 |
||
| 980 |
_81 _gALBERTO SANCHEZ Responsable de Automatización |
||